[Event "Tournoi International du Pays de Charleroi 2018"]
[Site "Roux, Belgium"]
[Date "2018.07.30"]
[Round "4.20"]
[White "Roos, David"]
[Black "Timmermans, Daniel"]
[Result "1-0"]
[WhiteElo "2142"]
[BlackElo "1908"]

1. e4 {[%clk 01:30:58]} {[%emt 00:00:01]} c5 {[%clk 01:30:03]} {[%emt
00:00:57]} 2. Nf3 {[%clk 01:31:22]} {[%emt 00:00:06]} e6 {[%clk 01:29:20]}
{[%emt 00:01:13]} 3. d4 {[%clk 01:31:48]} {[%emt 00:00:04]} cxd4 {[%clk
01:29:39]} {[%emt 00:00:12]} 4. Nxd4 {[%clk 01:32:16]} {[%emt 00:00:02]} a6
{[%clk 01:29:27]} {[%emt 00:00:41]} 5. Bd3 {[%clk 01:32:07]} {[%emt 00:00:39]}
Bc5 {[%clk 01:22:03]} {[%emt 00:07:54]} 6. Nb3 {[%clk 01:32:32]} {[%emt
00:00:05]} Ba7 {[%clk 01:21:20]} {[%emt 00:01:13]} 7. O-O {[%clk 01:32:17]}
{[%emt 00:00:45]} Nc6 {[%clk 01:20:27]} {[%emt 00:01:23]} 8. Kh1 {[%clk
01:27:24]} {[%emt 00:05:23]} h5 {[%clk 01:13:11]} {[%emt 00:07:45]} 9. Qe2
{[%clk 01:19:12]} {[%emt 00:08:42]} Qc7 {[%clk 01:10:51]} {[%emt 00:02:51]} 10.
Nc3 {[%clk 01:15:08]} {[%emt 00:04:34]} Nge7 {[%clk 00:58:52]} {[%emt
00:12:29]} 11. f4 {[%clk 01:12:45]} {[%emt 00:02:53]} f6 {[%clk 00:51:51]}
{[%emt 00:07:31]} 12. Bd2 {[%clk 01:10:27]} {[%emt 00:02:48]} Nd4 {[%clk
00:48:58]} {[%emt 00:03:22]} 13. Nxd4 {[%clk 01:10:47]} {[%emt 00:00:11]} Bxd4
{[%clk 00:49:26]} {[%emt 00:00:03]} 14. Rae1 {[%clk 01:10:35]} {[%emt
00:00:41]} Bxc3 {[%clk 00:48:57]} {[%emt 00:00:59]} 15. Bxc3 {[%clk 01:10:58]}
{[%emt 00:00:06]} Nc6 {[%clk 00:48:12]} {[%emt 00:01:15]} 16. Qd1 {[%clk
01:04:42]} {[%emt 00:06:47]} b5 {[%clk 00:45:40]} {[%emt 00:03:02]} 17. Be2
{[%clk 01:03:15]} {[%emt 00:01:57]} b4 {[%clk 00:41:26]} {[%emt 00:04:44]} 18.
Bxh5+ {[%clk 01:01:51]} {[%emt 00:01:54]} Kf8 {[%clk 00:41:19]} {[%emt
00:00:37]} 19. Bd2 {[%clk 01:01:59]} {[%emt 00:00:22]} Qa5 {[%clk 00:40:23]}
{[%emt 00:01:27]} 20. f5 {[%clk 01:00:44]} {[%emt 00:01:45]} e5 {[%clk
00:31:35]} {[%emt 00:09:17]} 21. Bg6 {[%clk 00:54:48]} {[%emt 00:06:25]} Qc5
{[%clk 00:14:08]} {[%emt 00:17:58]} 22. c3 {[%clk 00:52:46]} {[%emt 00:02:32]}
Qc4 {[%clk 00:12:06]} {[%emt 00:02:31]} 23. Be3 {[%clk 00:43:36]} {[%emt
00:09:41]} d5 {[%clk 00:08:36]} {[%emt 00:04:00]} 24. b3 {[%clk 00:42:45]}
{[%emt 00:01:21]} Qb5 {[%clk 00:07:56]} {[%emt 00:01:10]} 25. exd5 {[%clk
00:42:40]} {[%emt 00:00:36]} Ne7 {[%clk 00:02:21]} {[%emt 00:06:04]} 26. c4
{[%clk 00:42:12]} {[%emt 00:00:59]} Qd7 {[%clk 00:02:46]} {[%emt 00:00:04]} 27.
Bc5 {[%clk 00:42:23]} {[%emt 00:00:19]} a5 {[%clk 00:02:05]} {[%emt 00:01:12]}
28. a3 {[%clk 00:41:23]} {[%emt 00:01:30]} Bb7 {[%clk 00:02:08]} {[%emt
00:00:26]} 29. axb4 {[%clk 00:41:39]} {[%emt 00:00:15]} axb4 {[%clk 00:02:33]}
{[%emt 00:00:04]} 30. Bxb4 {[%clk 00:42:04]} {[%emt 00:00:05]} Kg8 {[%clk
00:02:46]} {[%emt 00:00:17]} 31. Bxe7 {[%clk 00:37:14]} {[%emt 00:05:20]} Qxe7
{[%clk 00:03:14]} {[%emt 00:00:03]} 32. Qd3 {[%emt 00:03:18]} Qc5 {[%clk
00:00:43]} 33. Re3 {[%clk 00:35:08]} {[%emt 00:02:47]} Kf8 {[%clk 00:00:37]}
{[%emt 00:00:37]} 34. Rb1 {[%clk 00:34:48]} {[%emt 00:00:50]} Ra3 {[%clk
00:00:40]} {[%emt 00:00:27]} 35. Rh3 {[%clk 00:34:40]} {[%emt 00:00:38]} Rh6
{[%clk 00:00:47]} {[%emt 00:00:23]} 36. Qc3 {[%clk 00:27:37]} {[%emt 00:07:32]}
Ra2 {[%clk 00:00:56]} {[%emt 00:00:22]} 37. Rxh6 {[%clk 00:26:02]} {[%emt
00:02:05]} gxh6 {[%clk 00:01:23]} {[%emt 00:00:02]} 38. Ra1 {[%clk 00:26:16]}
{[%emt 00:00:16]} Rxa1 {[%clk 00:00:40]} {[%emt 00:01:14]} 39. Qxa1 {[%clk
00:26:45]} {[%emt 00:00:01]} Ke7 {[%clk 00:00:42]} {[%emt 00:00:28]} 40. h3
{[%clk 00:25:56]} {[%emt 00:01:18]} Kd6 {[%emt 00:03:38]} 41. Qc3 {[%clk
00:23:04]} Ba6 {[%clk 00:26:51]} {[%emt 00:04:36]} 42. Qa1 {[%clk 00:51:09]}
{[%emt 00:02:25]} Bb7 {[%clk 00:25:44]} {[%emt 00:01:37]} 43. Be8 {[%clk
00:50:21]} {[%emt 00:01:18]} Qf2 {[%clk 00:13:20]} {[%emt 00:12:54]} 44. b4
{[%clk 00:48:11]} {[%emt 00:02:40]} Ke7 {[%clk 00:12:11]} {[%emt 00:01:39]} 45.
Bc6 {[%clk 00:47:41]} {[%emt 00:01:00]} Bc8 {[%clk 00:08:35]} {[%emt 00:04:06]}
46. c5 {[%clk 00:47:10]} {[%emt 00:01:01]} Bxf5 {[%clk 00:06:35]} {[%emt
00:02:30]} 47. d6+ {[%clk 00:47:26]} {[%emt 00:00:15]} Kf7 {[%clk 00:05:58]}
{[%emt 00:01:06]} 48. Qd1 {[%clk 00:41:02]} {[%emt 00:06:52]} Qd4 {[%clk
00:04:07]} {[%emt 00:02:22]} 49. Qxd4 {[%clk 00:40:06]} {[%emt 00:01:26]} exd4
{[%clk 00:04:36]} {[%emt 00:00:01]} 50. Bd5+ {[%clk 00:40:25]} {[%emt
00:00:10]} Ke8 {[%clk 00:04:38]} {[%emt 00:00:29]} 51. Kg1 {[%clk 00:40:45]}
{[%emt 00:00:10]} Kd7 {[%clk 00:03:07]} {[%emt 00:02:01]} 52. Kf2 {[%clk
00:41:11]} {[%emt 00:00:04]} Bd3 {[%clk 00:03:31]} {[%emt 00:00:05]} 53. Ke1
{[%clk 00:41:33]} {[%emt 00:00:08]} Bb5 {[%clk 00:03:18]} {[%emt 00:00:44]} 54.
Kd2 {[%clk 00:40:41]} {[%emt 00:01:22]} Bf1 {[%clk 00:02:31]} {[%emt 00:01:16]}
55. h4 {[%clk 00:40:36]} {[%emt 00:00:35]} Bb5 {[%clk 00:02:43]} {[%emt
00:00:19]} 56. g3 {[%clk 00:40:19]} {[%emt 00:00:47]} Bf1 {[%clk 00:02:59]}
{[%emt 00:00:14]} 57. Be4 {[%clk 00:40:40]} {[%emt 00:00:08]} Bb5 {[%clk
00:02:44]} {[%emt 00:00:46]} 58. Bd3 {[%clk 00:41:07]} {[%emt 00:00:03]} Bc6
{[%clk 00:02:49]} {[%emt 00:00:25]} 59. b5 {[%clk 00:41:31]} {[%emt 00:00:06]}
Bg2 {[%clk 00:03:12]} {[%emt 00:00:05]} 60. Bf5+ {[%clk 00:41:57]} {[%emt
00:00:05]} 1-0

[Event "Tournoi International du Pays de Charleroi 2018"]
[Site "Roux, Belgium"]
[Date "2018.07.30"]
[Round "4.10"]
[White "Guion, Geoffrey"]
[Black "Goossens, Hanne"]
[Result "1/2-1/2"]
[BlackTitle "WFM"]
[WhiteElo "1988"]
[BlackElo "2204"]

1. e4 {[%clk 01:30:57]} {[%emt 00:00:02]} c5 {[%clk 01:30:58]} {[%emt
00:00:03]} 2. Nf3 {[%clk 01:31:20]} {[%emt 00:00:06]} d6 {[%clk 01:31:24]}
{[%emt 00:00:06]} 3. Bb5+ {[%clk 01:31:43]} {[%emt 00:00:06]} Nc6 {[%clk
01:31:32]} {[%emt 00:00:23]} 4. O-O {[%clk 01:25:58]} {[%emt 00:06:12]} Bd7
{[%clk 01:31:55]} {[%emt 00:00:09]} 5. c3 {[%clk 01:23:11]} {[%emt 00:03:16]}
a6 {[%clk 01:31:19]} {[%emt 00:01:07]} 6. Ba4 {[%clk 01:23:23]} {[%emt
00:00:18]} b5 {[%clk 01:31:41]} {[%emt 00:00:08]} 7. Bc2 {[%clk 01:23:00]}
{[%emt 00:00:51]} g6 {[%clk 01:30:17]} {[%emt 00:01:56]} 8. h3 {[%clk
01:21:30]} {[%emt 00:02:00]} Bg7 {[%clk 01:25:46]} {[%emt 00:05:01]} 9. d4
{[%clk 01:21:09]} {[%emt 00:00:50]} Rc8 {[%clk 01:22:11]} {[%emt 00:04:06]} 10.
Be3 {[%clk 01:12:43]} {[%emt 00:08:56]} Na5 {[%clk 01:19:40]} {[%emt 00:02:58]}
11. Nbd2 {[%clk 01:09:14]} {[%emt 00:04:00]} e5 {[%clk 01:16:34]} {[%emt
00:03:38]} 12. Rc1 {[%clk 01:06:56]} {[%emt 00:02:47]} Ne7 {[%clk 01:14:22]}
{[%emt 00:02:42]} 13. dxc5 {[%clk 01:00:41]} {[%emt 00:06:45]} dxc5 {[%clk
01:14:38]} {[%emt 00:00:14]} 14. b4 {[%clk 01:00:21]} {[%emt 00:00:51]} Nb7
{[%clk 00:56:18]} {[%emt 00:18:49]} 15. Nb3 {[%clk 00:55:02]} {[%emt 00:05:48]}
c4 {[%clk 00:54:20]} {[%emt 00:02:29]} 16. Nc5 {[%clk 00:55:22]} {[%emt
00:00:10]} Nxc5 {[%clk 00:54:35]} {[%emt 00:00:16]} 17. Bxc5 {[%clk 00:55:12]}
{[%emt 00:00:40]} f6 {[%clk 00:50:21]} {[%emt 00:04:44]} 18. a4 {[%clk
00:53:32]} {[%emt 00:02:10]} Kf7 {[%clk 00:47:15]} {[%emt 00:03:36]} 19. axb5
{[%clk 00:52:06]} {[%emt 00:01:56]} axb5 {[%clk 00:47:16]} {[%emt 00:00:28]} 20.
Ra1 {[%clk 00:51:38]} {[%emt 00:00:57]} Nc6 {[%clk 00:46:28]} {[%emt 00:01:19]}
21. Ra6 {[%emt 00:03:58]} Bf8 {[%clk 00:37:52]} {[%emt 00:09:03]} 22. Be3
{[%clk 00:41:48]} {[%emt 00:06:55]} 1/2-1/2

[Event "Tournoi International du Pays de Charleroi 2018"]
[Site "Roux, Belgium"]
[Date "2018.07.30"]
[Round "4.19"]
[White "De Herdt, Yasseen"]
[Black "Russian, Carlo"]
[Result "1/2-1/2"]
[WhiteElo "2146"]
[BlackElo "1992"]

1. b3 {[%clk 01:30:56]} {[%emt 00:00:01]} e5 {[%clk 01:29:49]} {[%emt
00:01:11]} 2. Bb2 {[%clk 01:31:23]} {[%emt 00:00:03]} Nc6 {[%clk 01:30:14]}
{[%emt 00:00:05]} 3. e3 {[%clk 01:31:49]} {[%emt 00:00:04]} Nf6 {[%clk
01:30:41]} {[%emt 00:00:03]} 4. Bb5 {[%clk 01:32:14]} {[%emt 00:00:05]} e4
{[%clk 01:29:06]} {[%emt 00:02:06]} 5. f3 {[%clk 01:21:27]} {[%emt 00:11:16]}
d5 {[%clk 01:21:20]} {[%emt 00:08:17]} 6. Nc3 {[%clk 01:08:39]} {[%emt
00:13:18]} Bd6 {[%clk 01:18:42]} {[%emt 00:03:08]} 7. Qe2 {[%clk 00:59:39]}
{[%emt 00:09:29]} Qe7 {[%clk 01:16:49]} {[%emt 00:02:24]} 8. O-O-O {[%clk
00:49:15]} {[%emt 00:10:54]} Bd7 {[%clk 01:15:03]} {[%emt 00:02:15]} 9. g4
{[%clk 00:44:26]} {[%emt 00:05:19]} exf3 {[%clk 01:11:31]} {[%emt 00:04:02]} 10.
Nxf3 {[%clk 00:44:50]} {[%emt 00:00:06]} Bxg4 {[%clk 01:09:12]} {[%emt
00:02:49]} 11. Rdg1 {[%clk 00:43:05]} {[%emt 00:02:15]} Bh5 {[%clk 00:40:46]}
{[%emt 00:28:57]} 12. Rxg7 {[%clk 00:26:22]} {[%emt 00:17:13]} Bg6 {[%clk
00:40:29]} {[%emt 00:00:47]} 13. Bxc6+ {[%clk 00:04:34]} {[%emt 00:22:18]} bxc6
{[%clk 00:40:51]} {[%emt 00:00:08]} 14. Qa6 {[%clk 00:04:39]} {[%emt 00:00:24]}
Qd7 {[%clk 00:35:16]} {[%emt 00:06:06]} 15. Na4 {[%clk 00:05:05]} {[%emt
00:00:03]} Be7 {[%clk 00:35:04]} {[%emt 00:00:41]} 16. Nc5 {[%clk 00:03:57]}
{[%emt 00:01:39]} Qd8 {[%clk 00:28:08]} {[%emt 00:07:27]} 17. Nb7 {[%clk
00:00:45]} {[%emt 00:03:42]} Qc8 {[%clk 00:25:54]} {[%emt 00:02:44]} 18. Bxf6
{[%clk 00:00:32]} {[%emt 00:00:43]} Bxf6 {[%clk 00:24:11]} {[%emt 00:02:12]} 19.
Qxc6+ {[%clk 00:01:01]} {[%emt 00:00:02]} Ke7 {[%clk 00:24:28]} {[%emt
00:00:13]} 20. Qc5+ {[%clk 00:01:12]} {[%emt 00:00:19]} Ke6 {[%clk 00:20:33]}
{[%emt 00:04:24]} 21. Qc6+ {[%clk 00:00:40]} {[%emt 00:01:02]} Ke7 {[%clk
00:20:45]} {[%emt 00:00:18]} 22. Qc5+ {[%clk 00:01:07]} {[%emt 00:00:03]} Ke6
{[%clk 00:21:05]} {[%emt 00:00:10]} 23. Nd4+ {[%emt 00:01:36]} Bxd4 {[%emt
00:00:02]} 24. Qc6+ {[%emt 00:00:06]} Ke5 {[%emt 00:00:02]} 1/2-1/2

[Event "Tournoi International du Pays de Charleroi 2018"]
[Site "Roux, Belgium"]
[Date "2018.07.30"]
[Round "4.16"]
[White "Le Quang, Kim"]
[Black "Barbier, Astrid"]
[Result "1-0"]
[WhiteTitle "FM"]
[WhiteElo "2261"]
[BlackElo "1842"]

1. c4 {[%clk 01:30:53]} {[%emt 00:00:07]} c5 {[%clk 01:30:51]} {[%emt
00:00:08]} 2. g3 {[%clk 01:31:14]} {[%emt 00:00:08]} g6 {[%clk 01:30:58]}
{[%emt 00:00:23]} 3. Bg2 {[%clk 01:31:39]} {[%emt 00:00:04]} Bg7 {[%clk
01:31:13]} {[%emt 00:00:15]} 4. Nc3 {[%clk 01:32:03]} {[%emt 00:00:07]} Nc6
{[%clk 01:30:54]} {[%emt 00:00:49]} 5. Nf3 {[%clk 01:32:08]} {[%emt 00:00:25]}
e5 {[%clk 01:29:45]} {[%emt 00:01:38]} 6. O-O {[%clk 01:32:28]} {[%emt
00:00:09]} Nge7 {[%clk 01:29:30]} {[%emt 00:00:46]} 7. a3 {[%clk 01:32:39]}
{[%emt 00:00:20]} O-O {[%clk 01:26:16]} {[%emt 00:03:44]} 8. Rb1 {[%clk
01:32:52]} {[%emt 00:00:16]} a5 {[%clk 01:26:33]} {[%emt 00:00:13]} 9. Ne1
{[%clk 01:32:55]} {[%emt 00:00:27]} d6 {[%clk 01:25:22]} {[%emt 00:01:42]} 10.
Nc2 {[%clk 01:33:14]} {[%emt 00:00:11]} Be6 {[%clk 01:21:53]} {[%emt 00:03:59]}
11. Ne3 {[%clk 01:32:04]} {[%emt 00:01:39]} Rb8 {[%clk 01:20:34]} {[%emt
00:01:50]} 12. d3 {[%clk 01:29:02]} {[%emt 00:03:31]} f5 {[%clk 01:17:54]}
{[%emt 00:03:10]} 13. Ned5 {[%clk 01:29:03]} {[%emt 00:00:29]} h6 {[%clk
01:16:03]} {[%emt 00:02:21]} 14. Bd2 {[%clk 01:26:30]} {[%emt 00:03:04]} Kh7
{[%clk 01:13:25]} {[%emt 00:03:08]} 15. e3 {[%clk 01:25:12]} {[%emt 00:01:47]}
Bf7 {[%clk 01:04:21]} {[%emt 00:09:34]} 16. Qe2 {[%clk 01:12:00]} {[%emt
00:13:42]} Nxd5 {[%clk 00:39:27]} {[%emt 00:25:24]} 17. cxd5 {[%clk 01:01:03]}
{[%emt 00:11:28]} Ne7 {[%clk 00:38:39]} {[%emt 00:01:18]} 18. b4 {[%clk
01:01:24]} {[%emt 00:00:08]} axb4 {[%clk 00:37:18]} {[%emt 00:01:50]} 19. axb4
{[%clk 01:01:48]} {[%emt 00:00:07]} b6 {[%clk 00:34:51]} {[%emt 00:02:58]} 20.
e4 {[%clk 00:55:02]} {[%emt 00:07:16]} f4 {[%clk 00:32:35]} {[%emt 00:02:45]}
21. Bh3 {[%clk 00:55:17]} {[%emt 00:00:15]} Be8 {[%clk 00:32:04]} {[%emt
00:01:01]} 22. f3 {[%clk 00:44:10]} {[%emt 00:11:37]} Bd7 {[%clk 00:29:34]}
{[%emt 00:03:00]} 23. Bxd7 {[%clk 00:40:06]} {[%emt 00:04:34]} Qxd7 {[%clk
00:29:59]} {[%emt 00:00:05]} 24. Rb3 {[%clk 00:39:41]} {[%emt 00:00:55]} Rb7
{[%clk 00:26:10]} {[%emt 00:04:18]} 25. Rfb1 {[%clk 00:36:54]} {[%emt
00:03:17]} Nc8 {[%clk 00:25:10]} {[%emt 00:01:31]} 26. g4 {[%clk 00:29:46]}
{[%emt 00:07:38]} Bf6 {[%clk 00:23:48]} {[%emt 00:01:53]} 27. Be1 {[%clk
00:29:44]} {[%emt 00:00:32]} h5 {[%clk 00:18:54]} {[%emt 00:05:23]} 28. Qg2
{[%clk 00:28:29]} {[%emt 00:01:45]} Rh8 {[%clk 00:18:28]} {[%emt 00:00:56]} 29.
g5 {[%clk 00:28:04]} {[%emt 00:00:55]} Bd8 {[%clk 00:18:17]} {[%emt 00:00:42]}
30. h4 {[%clk 00:27:32]} {[%emt 00:01:01]} Ra7 {[%clk 00:16:23]} {[%emt
00:02:24]} 31. Kh2 {[%clk 00:21:58]} {[%emt 00:06:04]} Rg8 {[%clk 00:15:48]}
{[%emt 00:01:05]} 32. Qb2 {[%clk 00:17:56]} {[%emt 00:04:32]} Rg7 {[%clk
00:15:15]} {[%emt 00:01:03]} 33. Ra1 {[%clk 00:10:10]} {[%emt 00:08:17]} Qb7
{[%clk 00:12:06]} {[%emt 00:03:38]} 34. bxc5 {[%clk 00:08:27]} {[%emt
00:02:13]} Rxa1 {[%clk 00:10:30]} {[%emt 00:02:06]} 35. Qxa1 {[%clk 00:08:51]}
{[%emt 00:00:06]} dxc5 {[%clk 00:10:52]} {[%emt 00:00:09]} 36. Nb5 {[%clk
00:09:07]} {[%emt 00:00:14]} Bc7 {[%clk 00:09:57]} {[%emt 00:01:24]} 37. Bc3
{[%clk 00:09:08]} {[%emt 00:00:28]} Re7 {[%clk 00:10:11]} {[%emt 00:00:17]} 38.
d6 {[%clk 00:04:48]} {[%emt 00:04:50]} Nxd6 {[%clk 00:08:23]} {[%emt 00:02:18]}
39. Nxc7 {[%clk 00:05:10]} {[%emt 00:00:08]} Qxc7 {[%clk 00:08:48]} {[%emt
00:00:05]} 40. Bxe5 {[%clk 00:05:30]} {[%emt 00:00:09]} Qc6 {[%clk 00:08:06]}
{[%emt 00:01:13]} 41. Bxf4 {[%clk 00:01:40]} {[%emt 00:04:20]} c4 {[%clk
00:06:47]} {[%emt 00:01:49]} 42. dxc4 {[%clk 00:27:55]} {[%emt 00:04:15]} Nxc4
{[%clk 00:36:49]} {[%emt 00:00:28]} 43. Qf6 {[%clk 00:24:47]} {[%emt 00:03:38]}
Qc5 {[%clk 00:30:46]} {[%emt 00:06:33]} 44. Kg2 {[%clk 00:13:35]} {[%emt
00:11:42]} Ra7 {[%clk 00:27:41]} {[%emt 00:03:35]} 45. Rd3 {[%clk 00:11:48]}
{[%emt 00:02:16]} Ra2+ {[%clk 00:26:21]} {[%emt 00:01:51]} 46. Kh1 {[%clk
00:08:56]} {[%emt 00:03:22]} Qc8 {[%clk 00:11:06]} {[%emt 00:15:45]} 47. Qe7
{[%clk 00:09:15]} {[%emt 00:00:11]} Kg8 {[%clk 00:11:29]} {[%emt 00:00:07]} 48.
Rd8+ {[%clk 00:09:37]} {[%emt 00:00:07]} 1-0

[Event "Tournoi International du Pays de Charleroi 2018"]
[Site "Roux, Belgium"]
[Date "2018.07.30"]
[Round "4.14"]
[White "Jamar, Vadim"]
[Black "Maddens, Martijn"]
[Result "1/2-1/2"]
[WhiteElo "1909"]
[BlackElo "2141"]

1. e4 {[%clk 01:30:57]} {[%emt 00:00:02]} c5 {[%clk 01:17:43]} {[%emt
00:13:18]} 2. d4 {[%clk 01:31:14]} {[%emt 00:00:13]} cxd4 {[%clk 01:18:06]}
{[%emt 00:00:06]} 3. Nf3 {[%clk 01:31:39]} {[%emt 00:00:05]} d6 {[%clk
01:16:12]} {[%emt 00:02:24]} 4. c3 {[%clk 01:31:34]} {[%emt 00:00:35]} Nf6
{[%clk 01:15:49]} {[%emt 00:00:53]} 5. Bc4 {[%clk 01:25:36]} {[%emt 00:06:28]}
e6 {[%clk 01:11:21]} {[%emt 00:04:58]} 6. Qe2 {[%clk 01:23:47]} {[%emt
00:02:19]} Nc6 {[%clk 01:09:05]} {[%emt 00:02:46]} 7. cxd4 {[%clk 01:23:04]}
{[%emt 00:01:13]} Be7 {[%clk 01:08:20]} {[%emt 00:01:16]} 8. O-O {[%clk
01:21:29]} {[%emt 00:02:04]} d5 {[%clk 01:07:18]} {[%emt 00:01:33]} 9. exd5
{[%clk 01:20:49]} {[%emt 00:01:09]} exd5 {[%clk 01:07:34]} {[%emt 00:00:14]} 10.
Bb5 {[%clk 01:18:06]} {[%emt 00:03:13]} O-O {[%clk 01:07:00]} {[%emt 00:01:04]}
11. h3 {[%clk 01:12:21]} {[%emt 00:06:15]} Ne4 {[%clk 01:00:47]} {[%emt
00:06:43]} 12. Nbd2 {[%clk 01:09:02]} {[%emt 00:03:49]} f5 {[%clk 00:54:20]}
{[%emt 00:06:56]} 13. Bxc6 {[%clk 01:07:07]} {[%emt 00:02:26]} bxc6 {[%clk
00:54:39]} {[%emt 00:00:11]} 14. Ne5 {[%clk 01:07:23]} {[%emt 00:00:14]} Qb6
{[%clk 00:54:36]} {[%emt 00:00:34]} 15. Rd1 {[%clk 00:58:44]} {[%emt 00:09:08]}
Ba6 {[%clk 00:33:22]} {[%emt 00:21:45]} 16. Qe1 {[%clk 00:52:04]} {[%emt
00:07:09]} Rad8 {[%clk 00:33:25]} {[%emt 00:00:27]} 17. Nxe4 {[%clk 00:51:07]}
{[%emt 00:01:26]} fxe4 {[%clk 00:31:13]} {[%emt 00:02:42]} 18. Bd2 {[%clk
00:50:01]} {[%emt 00:01:37]} Bh4 {[%clk 00:28:11]} {[%emt 00:03:32]} 19. Ba5
{[%clk 00:34:13]} {[%emt 00:16:18]} Bxf2+ {[%clk 00:26:32]} {[%emt 00:02:09]}
20. Qxf2 {[%clk 00:34:13]} {[%emt 00:00:31]} Qxa5 {[%clk 00:26:51]} {[%emt
00:00:10]} 21. Qe3 {[%clk 00:33:54]} {[%emt 00:00:49]} Rd6 {[%clk 00:22:21]}
{[%emt 00:05:00]} 22. Rdc1 {[%clk 00:31:19]} {[%emt 00:03:05]} Rff6 {[%clk
00:15:53]} {[%emt 00:06:58]} 23. Rc5 {[%clk 00:30:51]} {[%emt 00:00:57]} Qb6
{[%clk 00:08:15]} {[%emt 00:08:08]} 24. Qc3 {[%clk 00:26:42]} {[%emt 00:04:40]}
e3 {[%clk 00:06:19]} {[%emt 00:02:27]} 25. Qxe3 {[%clk 00:19:56]} {[%emt
00:07:15]} Qxb2 {[%clk 00:06:42]} {[%emt 00:00:06]} 26. Rac1 {[%clk 00:20:22]}
{[%emt 00:00:05]} Qxa2 {[%clk 00:02:21]} {[%emt 00:04:51]} 27. Nxc6 {[%clk
00:18:20]} {[%emt 00:02:33]} Rde6 {[%clk 00:02:28]} {[%emt 00:00:22]} 28. Ne5
{[%clk 00:18:43]} {[%emt 00:00:07]} h6 {[%clk 00:01:26]} {[%emt 00:01:32]} 29.
Rc7 {[%clk 00:16:45]} {[%emt 00:02:28]} Bc4 {[%clk 00:01:05]} {[%emt 00:00:47]}
30. Qg3 {[%clk 00:16:31]} {[%emt 00:00:48]} g6 {[%clk 00:00:57]} {[%emt
00:00:38]} 31. Nxc4 {[%clk 00:15:36]} {[%emt 00:01:26]} dxc4 {[%clk 00:01:16]}
{[%emt 00:00:11]} 32. R7xc4 {[%clk 00:15:38]} {[%emt 00:00:28]} Qe2 {[%clk
00:00:42]} {[%emt 00:01:04]} 33. d5 {[%clk 00:09:40]} {[%emt 00:06:28]} Qe3+
{[%clk 00:00:57]} {[%emt 00:00:15]} 34. Qxe3 {[%clk 00:09:44]} {[%emt
00:00:25]} Rxe3 {[%clk 00:01:25]} 35. Rc7 {[%clk 00:06:28]} {[%emt 00:03:47]}
Rf7 {[%clk 00:00:40]} {[%emt 00:01:15]} 36. Rxf7 {[%clk 00:05:37]} {[%emt
00:01:21]} Kxf7 {[%clk 00:01:10]} {[%emt 00:00:01]} 37. Rc7+ {[%clk 00:05:53]}
{[%emt 00:00:13]} Kf6 {[%clk 00:00:55]} {[%emt 00:00:44]} 38. Rxa7 {[%clk
00:05:52]} {[%emt 00:00:32]} Rd3 {[%clk 00:00:40]} {[%emt 00:00:45]} 39. Ra6+
{[%clk 00:05:28]} {[%emt 00:00:54]} Kf5 {[%clk 00:01:02]} {[%emt 00:00:08]} 40.
Rd6 {[%clk 00:04:59]} {[%emt 00:00:59]} h5 {[%clk 00:01:07]} {[%emt 00:00:25]}
41. Kf2 {[%clk 00:00:57]} {[%emt 00:04:31]} Rd2+ {[%clk 00:25:39]} {[%emt
00:05:59]} 42. Kf3 {[%emt 00:02:00]} Ke5 {[%emt 00:00:01]} 1/2-1/2

[ePGN "0.1;DGT LiveChess/2.1"]